Sindicatos docentes y gobiernos: Conflictos y diálogos en torno a la Reforma Educativa en América Latina
| Kaituhi matua: | |
|---|---|
| Hōputu: | Pukapuka |
| Reo: | Pāniora |
| I whakaputaina: |
Santiago de Chile :
PREAL,
2003
|
| Ngā marau: |
MARC
| LEADER | 00000nam a2200000Ia 4500 | ||
|---|---|---|---|
| 008 | 180307b2003 cl ||||| |||| 00| | spa d | ||
| 999 | |c 1618 |d 1618 | ||
| 090 | |a 06.02.03 |b 539 | ||
| 100 | 1 | |a Palamidessi, Mariano |9 3462 | |
| 245 | 1 | 0 | |a Sindicatos docentes y gobiernos: Conflictos y diálogos en torno a la Reforma Educativa en América Latina |
| 260 | |a Santiago de Chile : |b PREAL, |c 2003 | ||
| 300 | |a 35 páginas | ||
| 650 | 1 | 4 | |a REFORMA DE LA EDUCACIÓN |9 7 |
| 650 | 1 | 4 | |a DOCENTES |9 331 |
| 650 | 1 | 4 | |a SINDICATOS |9 934 |
| 942 | |i 00948 |h 06.02.03 539 |2 z |c 01 | ||
